000
00240 a2200097 4500
001
37373
100
_a
Nicholson Reynold
245
_a
The Mathnawi of Jalal-ud-Din Rumi
260
_a
Lahore
_b
Islamic book Service
_c
090
_c
23844
_d
23844
942
_a
NUST-CAE
_c
M
_c
15385
999
_c
272446
_d
272446